000 01047cab a22002175a 4500
001 L144943
008 080826s2008 xxkeo f 000 0 eng d
035 _a(Sirsi) u144943
041 0 _aeng
110 2 _aCMS Acoustic Solutions
_95597
245 0 0 _aPCT or RD?
260 _c2008
490 _aBuilding Engineer
_v83(8) August 2008, 12-13(2)
520 _aAnalyses the possibilities that a developer has to demonstrate compliance to Building Regulations part E - requirements for sound insulation between buildings - by choosing between Pre-Completion Testing (PCT) and Robust Detail (RD). Discusses the advantages of each procedure and shows why the choices continue through to product selection. Presents two case studies from Oak Tree Developments and Countryside Properties companies.
590 _aKA
650 2 4 _aBUILDING REGULATIONS 2000 APPROVED DOCUMENT E (2003 EDITION)
651 4 _aEngland and Wales
_y1543-
690 _aBuilding regulations
_96224
690 _aBUILT ENVIRONMENT-CONSTRUCTION DESIGN-ACOUSTICS
942 _n0
999 _c80656
_d80656